000
00252nam a22001217a 4500
008
170208b xxu||||| |||| 00| 0 eng d
041
_a
eng
080
_a
61
100
_a
4
101
_a
SHM
245
_a
AGAINST DISEASE
_c
AIELLO, A.E
942
_2
udc
_c
BK
999
_c
4909
_d
4909